Language Quiz

Random Language or Country Quiz

Lost Lands Quiz Stats

 Plays Quiz Updated Nov 14, 2015

Challenge
Share
Tweet
Embed
Score 0/10 Timer 02:00
3 Plays Today
% Correct
OMAN
91.1%
IRAN
89.1%
MALI
85.4%
PERU
82.5%
CUBA
82.4%
GABON
74%
CHAD
71.1%
ROMANIA
70.2%
CHINA
69.6%
TOGO
59.3%

You're not logged in!

Compare scores with friends on all Sporcle quizzes.
OR
Log In

You Might Also Like...

Show Comments

Extras

Top Quizzes Today


Score Distribution

Your Account Isn't Verified!

In order to create a playlist on Sporcle, you need to verify the email address you used during registration. Go to your Sporcle Settings to finish the process.

Report this User

Report this user for behavior that violates our Community Guidelines.

Details: